Музыканты в зеркале медицины (Запись № 4762169)

Подробности
000 -МАРКЕР
контрольное поле 01707nam0a2200397 4500
001 - ИДЕНТИФИКАТОР ЗАПИСИ
контрольное поле RU\NLR\bibl\2077206
005 - ИДЕНТИФИКАТОР ВЕРСИИ
контрольное поле 20250708191015.0
010 ## - МЕЖДУНАРОДНЫЙ СТАНДАРТНЫЙ НОМЕР КНИГИ (ISBN)
Номер (ISBN) 5-85880-537-X
Тираж 4000
035 ## - ДРУГИЕ СИСТЕМНЫЕ НОМЕРА
Идентификатор записи (NLR Aleph) 002071681
100 ## - ДАННЫЕ ОБЩЕЙ ОБРАБОТКИ
Данные общей обработки 20131001d1997 |||y0rusy50 ca
101 1# - ЯЗЫК РЕСУРСА
Язык текста, звукозаписи и т.д. русский
Язык оригинала не определено
102 ## - СТРАНА ПУБЛИКАЦИИ ИЛИ ПРОИЗВОДСТВА
Страна публикации Российская Федерация
105 ## - ПОЛЕ КОДИРОВАННЫХ ДАННЫХ: ТЕКСТОВЫЕ МАТЕРИАЛЫ, МОНОГРАФИЧЕСКИЕ
Кодированные данные о монографическом текстовом документе c |||||||||
200 1# - ЗАГЛАВИЕ И СВЕДЕНИЯ ОБ ОТВЕТСТВЕННОСТИ
Основное заглавие Музыканты в зеркале медицины
Первые сведения об ответственности А. Ноймайр
Последующие сведения об ответственности [пер. Е.С. Самойловича]
210 ## - ПУБЛИКАЦИЯ, РАСПРОСТРАНЕНИЕ И ДР.
Место издания, распространения и т.д. Ростов-на-Дону
Имя издателя, распространителя и т. д. Феникс
Место издания, распространения и т.д. Москва
Имя издателя, распространителя и т. д. Зевс
Дата издания, распространения и т.д. 1997
215 ## - ФИЗИЧЕСКАЯ ХАРАКТЕРИСТИКА
Специфическое обозначение материала и объем 443, [2] с.
Другие сведения о физической характеристике портр.
Размеры 21
225 1# - СЕРИЯ
Основное заглавие серии След в истории
320 ## - ПРИМЕЧАНИЯ О НАЛИЧИИ В ДОКУМЕНТЕ БИБЛИОГРАФИИ / УКАЗАТЕЛЯ
Текст примечания Библиогр.: с. 435-444
327 1# - ПРИМЕЧАНИЯ О СОДЕРЖАНИИ
Текст примечания Содерж.: Фредерик Шопен, Бедржих Сметана, Петр Ильич Чайковский, Густав Малер
600 #1 - ИМЯ ЛИЦА КАК ПРЕДМЕТ
Начальный элемент ввода Шопен
Часть имени, кроме начального элемента ввода Ф.
Даты 1810 - 1849
Расширение инициалов личного имени Фридерик
Системный номер авторитетной/нормативной записи 999099
Идентификатор авторитетной/нормативной записи RU\NLR\auth\66378603
600 #1 - ИМЯ ЛИЦА КАК ПРЕДМЕТ
Начальный элемент ввода Сметана
Часть имени, кроме начального элемента ввода Б.
Даты 1824 - 1884
Расширение инициалов личного имени Бедржих
Системный номер авторитетной/нормативной записи 1669593
Идентификатор авторитетной/нормативной записи RU\NLR\auth\66740355
600 #1 - ИМЯ ЛИЦА КАК ПРЕДМЕТ
Начальный элемент ввода Чайковский
Часть имени, кроме начального элемента ввода П. И.
Даты 1840 - 1893
Расширение инициалов личного имени Петр Ильич
Системный номер авторитетной/нормативной записи 988650
Идентификатор авторитетной/нормативной записи RU\NLR\auth\66373114
600 #1 - ИМЯ ЛИЦА КАК ПРЕДМЕТ
Начальный элемент ввода Малер
Часть имени, кроме начального элемента ввода Г.
Даты 1860 - 1911
Расширение инициалов личного имени Густав
Системный номер авторитетной/нормативной записи 1595537
Идентификатор авторитетной/нормативной записи RU\NLR\auth\66701718
686 ## - ИНДЕКСЫ ДРУГИХ КЛАССИФИКАЦИЙ
Индекс Р.я9
686 ## - ИНДЕКСЫ ДРУГИХ КЛАССИФИКАЦИЙ
Индекс Щ313(4П)51-81Шопен
686 ## - ИНДЕКСЫ ДРУГИХ КЛАССИФИКАЦИЙ
Индекс Щ313(4Че)151-81Сметана
686 ## - ИНДЕКСЫ ДРУГИХ КЛАССИФИКАЦИЙ
Индекс Щ313(2Р=Рус)51-81Чайковский
686 ## - ИНДЕКСЫ ДРУГИХ КЛАССИФИКАЦИЙ
Индекс Щ313(4А)53-81Малер
700 #1 - ИМЯ ЛИЦА - ПЕРВИЧНАЯ ОТВЕТСТВЕННОСТЬ
Код отношения Автор
Графика поля Кириллица
Материалы, к которым относится поле rus
Начальный элемент ввода Ноймайр
Часть имени, кроме начального элемента ввода А.
Даты 1920-2017
Расширение инициалов личного имени Антон
Системный номер авторитетной/нормативной записи 188669
Идентификатор авторитетной/нормативной записи RU\NLR\AUTH\770188720
801 #0 - ИСТОЧНИК ЗАПИСИ
Страна Российская Федерация
Организация NLR
Дата составления 20131001
Правила каталогизации RCR
801 #1 - ИСТОЧНИК ЗАПИСИ
Страна Российская Федерация
Организация NLR
Дата составления 20131001
942 ## - ДОПОЛНИТЕЛЬНЫЕ ЭЛЕМЕНТЫ ЗАПИСИ (АБИС)
Тип экземпляра АБИС Книга
980 ## - КОЛЛЕКЦИЯ
Название коллекции Национальная библиография
Экземпляры
Тип экземпляра Дата поступления Источник поступления Стоимость Библиотека постоянного хранения Библиотека текущего хранения Место хранения Шифр хранения Штрих-код Статус экземпляра
Книга 01.10.2013 Покупка СТ 520.00 РНБ (Московский) РНБ (Московский) Русский книжный фонд: издания с 1957 года 2013-3/29817 1-311718